| 000 | 00702nam a2200193Ia 4500 | ||
|---|---|---|---|
| 003 | GCL | ||
| 008 | 140319s9999 xx 000 0 ara d | ||
| 040 |
_aGCL / _cGCL |
||
| 082 | 0 | 4 |
_a956.905 _bك ش |
| 100 | 1 | _aكميل منصور | |
| 245 | 1 | 0 |
_aالشعب الفلسطينى فى الداخل: خلفيات الانتفاضة السياسة والاقصادية والختماعية / _cكميل منصور |
| 260 |
_a[S.N] : _bمؤسسة الدراسات الفلسطينية |
||
| 300 | _a417 | ||
| 490 | _a | ||
| 650 | 0 | 4 | _aالنزاع العربى الاسرائيلى |
| 650 | 0 | 4 | _aالقضية الفلسطينية |
| 650 | 0 | 4 | _aالانتفاضة الفلسطينية |
| 942 |
_2ddc _cBK |
||
| 999 |
_c53560 _d53560 |
||